000
00319nam a2200133Ia 4500
005
20251222153651.0
008
251222s9999||||xx |||||||||||||| ||spa||
082
_a
171.3/T41
100
_a
Ternero, Freddy
245
0
_a
¡Si se Pude! La Conquista de un Sueños
250
_a
1ra. ed.
264
_b
PEISA
942
_c
LIB
999
_c
33115
_d
33115